| 000 | 00676nam a2200217 u 4500 | ||
|---|---|---|---|
| 005 | 20241003063713.0 | ||
| 008 | 190128s2013 mx r 000 0 spa d | ||
| 020 | _a9786077076988 (Alfaomega) | ||
| 035 | _aUPN01000228678 | ||
| 049 | _aCG | ||
| 050 | 4 |
_aP94.7 _bM5.2 |
|
| 100 | 1 |
_aMicó, Pablo Adán _942587 |
|
| 245 | 1 | 0 |
_aCómo ser una persona influyente : _bmanual para el comunicador total / _cPablo Adán Micó. |
| 260 |
_aMéxico : _bAlfaomega : _bLibros, _cc2013. |
||
| 300 |
_a221 p. : _bil. |
||
| 650 | 4 |
_aComunicación interpersonal _96549 |
|
| 650 | 2 |
_aOratoria _94605 |
|
| 650 | 4 |
_aLIDERAZGO - _xASPECTOS PSICOLOGICOS _9200 |
|
| 905 | _aLibro | ||
| 999 |
_c200773 _d200773 |
||